000 006210000a22002170004500
003 LK-CoMWRAF
005 20230825215608.0
008 230817t2002 ||||| |||| 00| 0 eng d
020 _a9552055970
040 _aLK-CoMWRAF
_dLK-CoMWRAF
_eLK-CoMWRAF
041 _aeng
082 _a823
_bRAJ
100 _aRajon, Maleeha
245 _aThe Dance of Life :
_bA collection of short stories
250 _aFirst Edition
260 _aSri Lanka (Wellampitiya)
_bGodage International Publishers (Pvt) Ltd
_c2002
300 _a116p
650 _aEnglish Fiction :
650 _a Sri Lankan Fiction ( English )
942 _cBK
999 _c2397
_d2397